Quizzes
Events
Quiz Creation
Community
Videos
Private Events
Remove Ads
Sign In
Join for FREE
Feedback
Dark Mode
Quiz Categories
Sports
Geography
Music
Movies
Television
Just For Fun
Miscellaneous
History
Literature
Language
Science
Gaming
Entertainment
Religion
Holiday
For Kids
Quiz Lab
Recent
Popular Today
Quiz Kudos Today
Editor Picks
Curator Picks
Quizzes by...
Day
Popularity
Type
Ratings
Length
Year
Community
Subscriptions
Recent Discussions
Orange Saloon
Badges
Playlists
Quests
Create
Leaderboards
Showdown
Live 5
Trivia Bingo
Activity
Puzzle Library
Sporcle Events
Private Events
Virtual Trivia
Globe League
Become a Host
Pub Owners
SporcleCon
Opinionation
Our Games
Videos
Blog
Mobile Apps
Partnerships
Remove Ads and Go Orange
Feedback
Sports
Athletes
MLB
NBA
NHL
NFL
Soccer
Sports Teams
WWE
NCAA
Football
Premier League
Basketball
Baseball
Hockey
Golf
Tennis
Cricket
Rugby
Auto Racing
Olympics
World Cup
Sports
Athletes
MLB
NBA
NHL
NFL
Soccer
Sports Teams
WWE
NCAA
Football
Premier League
Basketball
Baseball
Hockey
Golf
Tennis
Cricket
Rugby
Auto Racing
Olympics
World Cup
Random Quiz
Search Sporcle
×
Quiz Lab
Quiz Lab
Sports
Hockey
Type in answers that appear in a list
Type in answers that appear in a list
Classic
Best Score? Go Orange.
'S' NHL top scorers Stats
Can you name the NHL all time top scorers whose last name begins with 'S'?
By
dzafro
6m
31 Questions
261 Plays
261 Plays
261 Plays
Comments
Comments
Give Quiz Kudos
Give Quiz Kudos
-
- Ratings
hide this ad
More Info
Replay
Link that replays current quiz
Next Quiz
Link to next quiz in quiz playlist
You Got
0%
They Got
Avg Score
56%
Avg Friend Score
Upgrade to see
Score Distribution
Jump to the score distribution portion of the page
Score
0/31
Timer
06:00
0
Plays Today
all time position
name
% Correct
22 *
Teemu Selanne
92.3%
8
Joe Sakic
90%
26
Mats Sundin
80.4%
24
Brendan Shanahan
76.9%
29
Denis Savard
76.2%
64
Bobby Smith
76.2%
202 *
Marc Savard
76.2%
36
Peter Stastny
75.4%
94
Scott Stevens
72.3%
185
Kevin Stevens
72.3%
122
Brent Sutter
66.9%
53
Darryl Sittler
66.2%
194 *
Henrik Sedin
63.8%
211 *
Daniel Sedin
63.8%
136 *
Martin St. Louis
62.7%
145 *
Ryan Smyth
56.5%
all time position
name
% Correct
115
Gary Suter
54.6%
131
Steve Shutt
53.1%
209
Geoff Sanderson
53.1%
147
Borje Salming
47.3%
112
Tomas Sandstrom
45.4%
210 *
Petr Sykora
41.9%
206 *
Steve Sullivan
40.8%
132
Thomas Steen
40.4%
177
Miroslav Satan
40.4%
229
Stan Smyl
36.9%
198
Charlie Simmer
36.5%
193
Martin Straka
32.3%
184
Cory Stillman
29.2%
173
Mathieu Schneider
21.5%
226
Jozef Stumpel
19.2%
Quiz Playlist
Details
Report
Send in Message
Add To Playlist
More Info:
!!!IMPORTANT!!! Stats current to January 11, 2012. * signs an active player. Last names are acceptable.
Classic:
Type in answers that appear in a list
Quiz Source
Last Updated: Feb 16, 2017
Quiz Scoreboard
CHALLENGE
Sign Up to Join the Scoreboard
Show All
Scores
Hide
Comments
May contain spoilers
Recently Published
Popular People in 1961
by mucciniale
History
6m
1-10 Letter E Words III
by El_Dandy
Language
2m
One Thing in Common: World Cities II
by knightlancer
Geography
7m
More to Explore
Quiz From the Vault
Featured Blog Post
Where Did the Easter Bunny Come From?
hide this ad
You Might Also Like...
Tags
Hockey Quiz
Letter Quiz
NHL Quiz
name
point
Point Scorers
Points Leaders
Scorer
Today's Top Quizzes in Sports
Browse Sports
hide this ad
Today's Top Quizzes in Hockey
Browse Hockey
Top Contributed Quizzes in Sports
1
2022 World Cup Stars
2
Les entraîneurs de l'OM et du PSG au 21e siècle
3
FIFA Club World Cup Champions
4
Criteria MLB: Left Handed Sluggers
5
Les meilleurs buteurs des matchs entre le PSG et l’OM
6
Name the Premier League winners with different clubs
7
Players with Multiple 50 Home Run Seasons
8
MLB Players with Two .350 Batting Average Seasons
9
La finale Lions - Afrique du Sud 2021
10
MLB Hall of Famer by Rings
Explore More
Trending Topics
Crossword
Anime
NBA
Harry Potter
Disney
Kpop
Marvel
The Office
WWE
Puzzle
Pokémon
Song
Country
NFL
Soccer
hide this ad
More By:
dzafro
Quiz
Plays
Rating
Category
Featured
Created
Largest metro areas in 2030
864
4.57
Geography
Oct 20, 2011
IIHF World Championship host countries since 1991
460
5.00
Sports
May 15, 2011
NHL players countries of origin
304
4.29
Sports
Oct 20, 2011
'M' NHL top scorers
271
4.44
Sports
Oct 21, 2011
Largest estimated metros in 2020 (created in 2011)
262
3.33
Geography
Oct 20, 2011
Go to Creator's Profile
Score Distribution
Quiz Creator Spotlight
dzafro
Follow
Send a Message
Quizzes Created
-
Created Quiz Play Count
-
More By This Creator
Popular Quizzes Today
1
Find the US States - No Outlines Minefield
2
The Countries of the World
3
Popular People in 1961
4
Find the Countries of Europe - No Outlines Minefield
5
1-10 Letter E Words III
6
Find the US States
7
One Thing in Common: World Cities II
8
US States
More Sports Quizzes
I won La Liga with 2 different clubs
Editor's Pick
Trending Quizzes
Country Music Stars Doing Things
Get the Picture: Carrie or Dolly
1-10 Letter F Words
1-10 Letter G Words
Risky Map Clicking: Next State Alphabetically
Recently Updated
Leaping Animals
pecheneg
Reality TV Shows (A-Z)
bhenderson79
Rickey Henderson's Hall of Fame Teammates
pecheneg
Champions League XIs: Arsenal
pecheneg
Quick Pick: Celebrities in WWE's Hall of Fame
aduchscher
A-Z Keypad Blitz II
pecheneg
Multiple Oscar Actors
pecheneg
Mystery Phrase Blitz: Oscar 'Best Actors'
pecheneg
F. Scott Fitzgerald Novels
LTH
Pick 3 Villains
ddd62291
Trending Topics
Marvel
Kpop
Anime
Crossword
NBA
Disney
Harry Potter
WWE
The Office
Puzzle
Song
Pokémon
Soccer
NFL
Country
Your Account Isn't Verified!
In order to create a playlist on Sporcle, you need to verify the email address you used during registration. Go to your
Sporcle Settings
to finish the process.
Report this User
Report this user for behavior that violates our
Community Guidelines
.
Details:
Send Report
Go to the Sporcle.com Mobile Site →
Comments